Directions for collectors of American basketry. (Record no. 52682)

MARC details
000 -LEADER
fixed length control field 01018cam a22002891 4500
001 - CONTROL NUMBER
control field s 13000153
003 - CONTROL NUMBER IDENTIFIER
control field DLC
005 - DATE AND TIME OF LATEST TRANSACTION
control field 20260227111911.0
007 - PHYSICAL DESCRIPTION FIXED FIELD--GENERAL INFORMATION
fixed length control field cr_|||||||||||
008 - FIXED-LENGTH DATA ELEMENTS--GENERAL INFORMATION
fixed length control field 800214s1902 dcua f000 0 eng c
010 ## - LIBRARY OF CONGRESS CONTROL NUMBER
LC control number s 13000153
035 ## - SYSTEM CONTROL NUMBER
System control number (OCoLC)5982541
040 ## - CATALOGING SOURCE
Original cataloging agency Smithsonian Institution
Transcribing agency KU
Modifying agency OCoLC
-- DLC
042 ## - AUTHENTICATION CODE
Authentication code premarc
050 00 - LIBRARY OF CONGRESS CALL NUMBER
Classification number Q11
Item number .U6 no. 39
051 ## - LIBRARY OF CONGRESS COPY, ISSUE, OFFPRINT STATEMENT
Classification number GN431
Item number .M3
100 1# - MAIN ENTRY--PERSONAL NAME
Personal name Mason, Otis Tufton,
Dates associated with a name 1838-1908.
245 10 - TITLE STATEMENT
Title Directions for collectors of American basketry.
Statement of responsibility, etc. By Otis T. Mason.
260 ## - PUBLICATION, DISTRIBUTION, ETC.
Place of publication, distribution, etc. Washington,
Name of publisher, distributor, etc. Govt. Print. Off.,
Date of publication, distribution, etc. 1902.
300 ## - PHYSICAL DESCRIPTION
Extent 31 p.
Other physical details illus.
Dimensions 25 cm.
490 0# - SERIES STATEMENT
Series statement Part P of Bulletin of the United States National Museum,
Volume/sequential designation no. 39
500 ## - GENERAL NOTE
General note At head of title: Smithsonian Institution. United States National Museum.
530 ## - ADDITIONAL PHYSICAL FORM AVAILABLE NOTE
Additional physical form available note Also available in digital form on the Internet Archive Web site.
650 #0 - SUBJECT ADDED ENTRY--TOPICAL TERM
Topical term or geographic name entry element Basketwork.
650 #0 - SUBJECT ADDED ENTRY--TOPICAL TERM
Topical term or geographic name entry element Indian baskets
Geographic subdivision North America.
856 41 - ELECTRONIC LOCATION AND ACCESS
Uniform Resource Identifier <a href="http://hdl.loc.gov/loc.gdc/scd0001.0019953791A">http://hdl.loc.gov/loc.gdc/scd0001.0019953791A</a>

No items available.

Powered by Koha